[Event "Odense-ch IM-1 2018"]
[Site "Odense"]
[Date "2018.10.14"]
[Round "4"]
[White "Hansen, Mads"]
[Black "Teplyi, Igor"]
[Result "1/2-1/2"]
[WhiteElo "2395"]
[BlackElo "2410"]
[Annotator "TA"]
[PlyCount "65"]
[EventDate "2018.10.12"]
[EventType "tourn"]
[EventCountry "DEN"]
[SourceTitle "playchess.com"]
[Source "ChessBase"]
[SourceQuality "1"]

{[%evp 27,65,27,27,18,27,22,33,28,23,15,31,3,4,4,34,34,45,41,40,41,55,39,39,39,43,43,43,46,52,42,45,0,43,0,43,43,44,43,47,36]} 1. e4 c5 2. Nf3 d6 3. d4 cxd4 4. Nxd4 Nf6 5. Nc3 a6 6. Be3 e5 7. Nf3 Be7 8. Bc4 O-O 9. O-O Be6 10. Bxe6 {B90: Sicilian Najdorf: Unusual White 6th moves, 6 Be3 Ng4 and 6 Be3 e5} (10. Bb3 Qc7 11. Nh4 g6 12. Nf3 Re8 13. Ng5 Bc4 14. Re1 Nbd7 15. a4 Qc6 16. Bxc4 Qxc4 17. a5 Qc6 18. Qd3 Rac8 {½-½ (48) Sjugirov,S (2652)-Wojtaszek,R (2738) Batumi 2018}) 10... fxe6 11. Na4 Ng4 12. Qd3 Nxe3 13. Qxe3 b5 14. Nb6 Ra7 {[#] LiveBook: 36 Games. Hoping for ...Rb7.} 15. Nd5 Rb7 {[%cal Ba7b7,Bb7b6,Bb6c6][%mdl 32]} 16. Qd2 Qd7 $146 ({Predecessor:} 16... Bh4 17. Ne3 Be7 {½-½ (30) Moucka,J (2515)-Asquith,J (2446) ICCF email 2007}) 17. Nxe7+ Qxe7 18. Rfd1 Rb6 19. Qe3 Rc6 20. c3 Nd7 {[%cal Bb8d7,Bd7c5,Bc5d3][%mdl 32]} 21. a4 Nc5 22. axb5 axb5 23. Ne1 Qb7 $1 24. Nd3 Nxd3 25. Ra7 Qb6 26. Qxb6 Rxb6 27. Rxd3 $14 {[%mdl 4096] Endgame KRR-KRR} Rf7 28. Ra8+ Rf8 29. Ra7 Rf7 30. Ra8+ Rf8 31. Ra1 {White is slightly better.} Rf4 32. f3 {Rad1 is the strong threat.} Rf7 33. Kf2 {Precision: White = 74%, Black = 79%.} 1/2-1/2

[Event "Odense-ch IM-1 2018"]
[Site "Odense"]
[Date "2018.10.14"]
[Round "4"]
[White "Skytte, Rasmus"]
[Black "Fries-Nielsen, Jens Ove"]
[Result "1/2-1/2"]
[WhiteElo "2385"]
[BlackElo "2392"]
[Annotator "TA"]
[PlyCount "26"]
[EventDate "2018.10.12"]
[EventType "tourn"]
[EventCountry "DEN"]
[SourceTitle "playchess.com"]
[Source "ChessBase"]
[SourceQuality "1"]

{[%evp 9,26,42,33,29,47,54,50,41,60,54,71,66,76,64,70,53,59,47,47]} 1. e4 g6 2. d4 Bg7 3. Nf3 Nc6 (3... d6 4. Be3 Nf6 5. Nc3 O-O 6. Qd2 Nc6 7. d5 Nb4 8. a3 Na6 9. Bxa6 bxa6 10. Bh6 c6 11. Bxg7 Kxg7 12. O-O Qb6 13. Rab1 cxd5 14. exd5 {0-1 (31) Giri,A (2782)-Aronian,L (2767) chess.com INT 2018}) 4. d5 Ne5 5. Nxe5 Bxe5 6. Bd3 {B06: Modern Defence} d6 7. O-O c6 8. c4 Bg7 9. Nc3 Nf6 10. Bg5 $146 ({Predecessor:} 10. h3 O-O 11. Be3 cxd5 12. cxd5 e6 13. Rc1 exd5 14. exd5 Qa5 15. Qb3 {½-½ (28) Jakobsen,P (2214)-Pedersen,S (2231) Denmark 2014}) 10... h6 11. Bf4 g5 {White is slightly better.} 12. Bg3 Ng4 13. h3 Ne5 1/2-1/2

[Event "Odense-ch IM-1 2018"]
[Site "Odense"]
[Date "2018.10.14"]
[Round "5"]
[White "Rostgaard, Tobias Valentin"]
[Black "Hansen, Mads"]
[Result "1/2-1/2"]
[WhiteElo "2416"]
[BlackElo "2385"]
[Annotator "TA"]
[PlyCount "40"]
[EventDate "2018.10.12"]
[EventType "tourn"]
[EventCountry "DEN"]
[SourceTitle "playchess.com"]
[Source "ChessBase"]
[SourceQuality "1"]

{[%evp 19,20,2,4]} 1. e4 e5 2. Nf3 Nc6 3. d4 exd4 4. Nxd4 Nf6 5. Nc3 Bb4 6. Nxc6 bxc6 7. Bd3 d5 8. exd5 cxd5 9. O-O O-O 10. Bg5 c6 {LiveBook: 1914 Games} {Predecessor:} 11. Na4 $146 h6 12. Bh4 Be6 13. c3 Bd6 14. Bc2 Re8 15. Qd3 g5 16. Bg3 Bxg3 17. hxg3 Qd6 18. Qd4 Bg4 19. Rfe1 Be2 20. Nc5 Re7 {1-0 (59) Nakamura,H (2777)-So,W (2780) Saint Louis 2018} 1/2-1/2

[Event "Odense-ch IM-1 2018"]
[Site "Odense"]
[Date "2018.10.14"]
[Round "5"]
[White "Fries-Nielsen, Jens Ove"]
[Black "Antonsen, Mikkel"]
[Result "1/2-1/2"]
[WhiteElo "2370"]
[BlackElo "2429"]
[Annotator "NA"]
[PlyCount "31"]
[EventDate "2018.10.12"]
[EventType "tourn"]
[EventCountry "DEN"]
[SourceTitle "playchess.com"]
[Source "ChessBase"]
[SourceQuality "1"]
[TimeControl "40/5400+30:1800+30"]

1. e4 {[%emt 0:00:05]} e5 {[%emt 0:00:00]} 2. Nf3 {[%emt 0:00:58]} Nf6 {[%emt 0:00:12]} 3. d3 {[%emt 0:00:53]} Nc6 {[%emt 0:00:52]} 4. c4 {[%emt 0:00:14]} Bc5 {[%emt 0:00:49]} 5. h3 {[%emt 0:00:09]} d6 {[%emt 0:00:20]} 6. g3 {[%emt 0:00:44]} O-O {[%emt 0:03:20]} 7. Bg2 {[%emt 0:00:32]} Ne8 {[%emt 0:02:14]} 8. Nh4 {[%emt 0:05:46]} g6 {[%emt 0:00:29]} 9. Nc3 {[%emt 0:01:03]} Ng7 {[%emt 0:00:28]} 10. Bh6 {[%emt 0:01:41]} a6 {[%emt 0:02:53]} 11. O-O {[%emt 0:03:04]} Nd4 {[%emt 0:00:05]} 12. Kh2 {[%emt 0:05:26]} c6 {[%emt 0:02:07]} 13. Ne2 {[%emt 0:09:45]} Nxe2 {[%emt 0:05:23]} 14. Qxe2 {[%emt 0:00:06]} Re8 {[%emt 0:01:12]} 15. Nf3 {[%emt 0:07:09]} Ne6 {[%emt 0:01:03]} 16. Be3 1/2-1/2